000 00232nam a22000857a 4500
008 160831b xxu||||| |||| 00| 0 eng d
100 _9268
_aChaturvedi S
245 _aIndian & World Cricket
260 _aNew Delhi
_bNational Book Trust
_c2007
999 _c2926
_d2926